Colombia sin fronteras / (Registro nro. 5430)
[ vista simple ]
| 000 -CABECERA | |
|---|---|
| campo de control de longitud fija | 00679cam a2200193 a 4500 |
| 001 - NÚMERO DE CONTROL | |
| campo de control | 000005631 |
| 005 - FECHA Y HORA DE LA ÚLTIMA TRANSACCIÓN | |
| campo de control | 20200929151728.0 |
| 008 - DATOS DE LONGITUD FIJA--INFORMACIÓN GENERAL | |
| campo de control de longitud fija | 960119s1994 ck b 000 0 spa |
| 040 ## - FUENTE DE LA CATALOGACIÓN | |
| Centro catalogador/agencia de origen | DO-SdBNP |
| Lengua de catalogación | spa |
| Centro/agencia transcriptor | BNPHU |
| 082 ## - NÚMERO DE LA CLASIFICACIÓN DECIMAL DEWEY | |
| Número de clasificación | 338.986 |
| Número de documento/Ítem | S237c |
| 100 1# - ENTRADA PRINCIPAL--NOMBRE DE PERSONA | |
| Nombre de persona | Santos, Juan Manuel, |
| Fechas asociadas al nombre | 1951 - |
| 9 (RLIN) | 15900 |
| 245 10 - MENCIÓN DE TÍTULO | |
| Título | Colombia sin fronteras / |
| Mención de responsabilidad, etc. | Juan Manuel Santos. |
| 260 ## - PUBLICACIÓN, DISTRIBUCIÓN, ETC. | |
| Lugar de publicación, distribución, etc. | Colombia : |
| Nombre del editor, distribuidor, etc. | República de Colombia, Ministerio de Comercio Exterior, |
| Fecha de publicación, distribución, etc. | 1994. |
| 300 ## - DESCRIPCIÓN FÍSICA | |
| Extensión | 389 p. ; |
| Dimensiones | 21 cm. |
| 651 #4 - PUNTO DE ACCESO ADICIONAL DE MATERIA--NOMBRE GEOGRÁFICO | |
| Nombre geográfico | Colombia |
| Subdivisión general | Comercio |
| 9 (RLIN) | 15901 |
| 651 #4 - PUNTO DE ACCESO ADICIONAL DE MATERIA--NOMBRE GEOGRÁFICO | |
| Nombre geográfico | Colombia |
| Subdivisión general | Política Comercial |
| 9 (RLIN) | 15902 |
| 651 #4 - PUNTO DE ACCESO ADICIONAL DE MATERIA--NOMBRE GEOGRÁFICO | |
| Nombre geográfico | Colombia |
| Subdivisión general | Relaciones Económicas Exteriores |
| 9 (RLIN) | 15903 |
| 650 #4 - PUNTO DE ACCESO ADICIONAL DE MATERIA--TÉRMINO DE MATERIA | |
| Término de materia o nombre geográfico como elemento de entrada | Apertura económica |
| Subdivisión geográfica | Colombia |
| 9 (RLIN) | 15904 |
| Estado de retiro | Estado de pérdida | Restricciones de uso | No para préstamo | Código de colección | Localización permanente | Ubicación/localización actual | Ubicación en estantería | Fecha de adquisición | Número de inventario | Total de préstamos | Signatura topográfica completa | Código de barras | Fecha visto por última vez | Precio válido a partir de | Tipo de ítem Koha | Número de copia |
|---|---|---|---|---|---|---|---|---|---|---|---|---|---|---|---|---|
| Monografías: Libros y Folletos | General | General | Depósito | 20.08.2009 | LF1 | 338.986 S237c | 5631-10 | 25.06.2020 | 25.06.2020 | Préstamo en sala | ||||||
| Extraviado | Préstamo restringido | Préstamo restrigido | Monografías: Libros y Folletos | General | General | Extraviado | 09.06.2017 | LF1 | 338.986 S237c | 5631-20 | 25.06.2020 | 25.06.2020 | Préstamo en sala | e. 2 |
